<?xml version="1.0" encoding="UTF-8"?>
<record
    xmlns:xsi="http://www.w3.org/2001/XMLSchema-instance"
    xsi:schemaLocation="http://www.loc.gov/MARC21/slim http://www.loc.gov/standards/marcxml/schema/MARC21slim.xsd"
    xmlns="http://www.loc.gov/MARC21/slim">

  <leader>00793nas a22001817u 4500</leader>
  <datafield tag="999" ind1=" " ind2=" ">
    <subfield code="c">8471</subfield>
    <subfield code="d">8471</subfield>
  </datafield>
  <controlfield tag="001">WIIW0000085</controlfield>
  <controlfield tag="003">OSt</controlfield>
  <controlfield tag="005">20180611094509.0</controlfield>
  <controlfield tag="008">080608d19731998a  |||m||||||||0| | eng d</controlfield>
  <datafield tag="040" ind1=" " ind2=" ">
    <subfield code="c">OSt</subfield>
  </datafield>
  <datafield tag="041" ind1=" " ind2=" ">
    <subfield code="a">eng</subfield>
    <subfield code="a">ger</subfield>
  </datafield>
  <datafield tag="110" ind1="2" ind2=" ">
    <subfield code="a">Wiener Institut f&#xFC;r Internationale Wirtschaftsvergleiche (wiiw)</subfield>
    <subfield code="9">3</subfield>
  </datafield>
  <datafield tag="245" ind1="1" ind2=" ">
    <subfield code="a">wiiw Reprint Series</subfield>
  </datafield>
  <datafield tag="260" ind1=" " ind2=" ">
    <subfield code="a">Wien :</subfield>
    <subfield code="b">Wiener Institut f&#xFC;r Internationale Wirtschaftsvergleiche (wiiw),</subfield>
    <subfield code="c">1973-1998.</subfield>
  </datafield>
  <datafield tag="500" ind1=" " ind2=" ">
    <subfield code="a">In this series the wiiw reprints staff members' and regular co-workers' papers which have previously appeared in books or periodicals outside the Institute's own publication programme.</subfield>
  </datafield>
  <datafield tag="785" ind1="0" ind2="1">
    <subfield code="w">WIIW0000048</subfield>
    <subfield code="n">From June 1998 the wiiw Reprint Series is included under wiiw Research Reports</subfield>
    <subfield code="t">wiiw Research Reports</subfield>
  </datafield>
  <datafield tag="942" ind1=" " ind2=" ">
    <subfield code="c">SE</subfield>
  </datafield>
</record>
